<?xml version="1.0" encoding="UTF-8"?>
<record
    xmlns:xsi="http://www.w3.org/2001/XMLSchema-instance"
    xsi:schemaLocation="http://www.loc.gov/MARC21/slim http://www.loc.gov/standards/marcxml/schema/MARC21slim.xsd"
    xmlns="http://www.loc.gov/MARC21/slim">

  <leader>04220nam a2200277 i 4500</leader>
  <controlfield tag="003">CSPC</controlfield>
  <controlfield tag="005">20260428162640.0</controlfield>
  <controlfield tag="008">260428s2024    nyua     b    001 0 eng d</controlfield>
  <datafield tag="020" ind1=" " ind2=" ">
    <subfield code="a">9781984685414</subfield>
  </datafield>
  <datafield tag="040" ind1=" " ind2=" ">
    <subfield code="a">CSPC</subfield>
    <subfield code="b">eng</subfield>
    <subfield code="c">CSPC</subfield>
    <subfield code="e">rda</subfield>
  </datafield>
  <datafield tag="050" ind1="0" ind2="0">
    <subfield code="a">HQ745</subfield>
    <subfield code="b">.E946 2024</subfield>
  </datafield>
  <datafield tag="082" ind1="0" ind2="0">
    <subfield code="a">395.22</subfield>
    <subfield code="b">Ev23</subfield>
    <subfield code="2">23</subfield>
  </datafield>
  <datafield tag="245" ind1="0" ind2="0">
    <subfield code="a">Event planning : </subfield>
    <subfield code="b">weddings.</subfield>
  </datafield>
  <datafield tag="264" ind1=" " ind2="1">
    <subfield code="a">New York : </subfield>
    <subfield code="b">3G E-Learning,</subfield>
    <subfield code="c">2024.</subfield>
  </datafield>
  <datafield tag="300" ind1=" " ind2=" ">
    <subfield code="a">v, 212 pages :</subfield>
    <subfield code="b">illustrations ;</subfield>
    <subfield code="c">25 cm.</subfield>
  </datafield>
  <datafield tag="336" ind1=" " ind2=" ">
    <subfield code="2">rdacontent</subfield>
    <subfield code="a">text</subfield>
  </datafield>
  <datafield tag="337" ind1=" " ind2=" ">
    <subfield code="2">rdamedia</subfield>
    <subfield code="a">unmediated</subfield>
  </datafield>
  <datafield tag="338" ind1=" " ind2=" ">
    <subfield code="2">rdacarrier</subfield>
    <subfield code="a">volume</subfield>
  </datafield>
  <datafield tag="504" ind1=" " ind2=" ">
    <subfield code="a">Includes bibliographical references and index.</subfield>
  </datafield>
  <datafield tag="505" ind1="0" ind2=" ">
    <subfield code="a">The business of planning weddings -- Ceremony and reception venues -- Marquee weddings -- Destination wedding planning -- Wedding etiquette -- Wedding entertainment -- Photography and videography in weddings -- Wedding budget.</subfield>
  </datafield>
  <datafield tag="520" ind1=" " ind2=" ">
    <subfield code="a">"A wedding is a special day for couples and their families, but it can also be one of the most stressful events to plan. From choosing a venue, selecting vendors, coordinating guests, to dealing with last-minute changes, there are countless details that need to be managed for the big day. That's where a wedding planner comes in. A wedding planner is a professional who helps couples plan, design, and execute their dream wedding. They are responsible for managing all aspects of the wedding, including coordinating with vendors, creating timelines, managing budgets, and handling any issues that arise. The role of a wedding planner has become increasingly important in recent years, as more couples are choosing to have elaborate and personalized weddings. Wedding planners can help couples navigate the complexities of wedding planning, and provide them with the expertise and resources needed to create a memorable and stress-free event. Wedding planners are skilled in design and can help couples choose the right colors, decor, and other elements to create a cohesive and memorable event. They can also help couples incorporate personal touches that reflect their personalities and relationship. Wedding planners are also invaluable on the day of the wedding, as they can handle any last-minute issues and ensure that everything runs smoothly. They can manage the logistics of the day, coordinate with vendors, and ensure that the wedding stays on schedule. The book "Event Planning: Weddings" is designed for students who are interested in pursuing a career in wedding planning and want to gain maximum knowledge about the wedding industry in a short period of time. It covers various aspects of wedding planning, including wedding decor, stage management, production, catering, and florist work. The book provides in-depth knowledge of each of these areas and aims to help students analyze changing market trends and explore their creative potential. Wedding planning is a demanding and rapidly growing profession all over the world. As people attach great significance to their weddings, they often invest considerable amounts of money to ensure that their weddings are well-organized and memorable. Consequently there is a high demand for wedding planners who can provide their expertise and services to make the wedding day a success.
The book is designed to provide students with a comprehensive understanding of the wedding planning industry and equip them with the necessary skills to excel in this profession. It covers a broad range of topics, including choosing a venue, theme-based decor, designing the stage, food, and entertainment. Students will learn about the various aspects of wedding planning, from initial planning to execution, and will gain an understanding of how to manage time and resources efficiently.
The book is an excellent resource for students who aspire to become wedding planners. It provides them with a solid foundation of knowledge about the wedding industry, equips them with practical skills, and encourages them to explore their creative potential"-- Back cover.</subfield>
  </datafield>
  <datafield tag="650" ind1=" " ind2="0">
    <subfield code="a">Weddings</subfield>
    <subfield code="x">Planning.</subfield>
  </datafield>
  <datafield tag="710" ind1="1" ind2=" ">
    <subfield code="a">3G E-Learning.</subfield>
  </datafield>
  <datafield tag="942" ind1=" " ind2=" ">
    <subfield code="2">ddc</subfield>
    <subfield code="n">0</subfield>
    <subfield code="c">BK</subfield>
    <subfield code="h">395.22</subfield>
    <subfield code="i">Ev23</subfield>
    <subfield code="k">CIR</subfield>
    <subfield code="m">2024</subfield>
    <subfield code="e">23</subfield>
  </datafield>
  <datafield tag="952" ind1=" " ind2=" ">
    <subfield code="0">0</subfield>
    <subfield code="1">0</subfield>
    <subfield code="2">ddc</subfield>
    <subfield code="4">0</subfield>
    <subfield code="7">0</subfield>
    <subfield code="a">CSPC</subfield>
    <subfield code="b">CSPC</subfield>
    <subfield code="c">CIR</subfield>
    <subfield code="d">2026-04-28</subfield>
    <subfield code="l">0</subfield>
    <subfield code="o">CIR 395.22 Ev23 2024</subfield>
    <subfield code="p">031635</subfield>
    <subfield code="r">2026-04-28 15:39:44</subfield>
    <subfield code="t">1-1</subfield>
    <subfield code="w">2026-04-28</subfield>
    <subfield code="y">BK</subfield>
  </datafield>
  <datafield tag="999" ind1=" " ind2=" ">
    <subfield code="c">32450</subfield>
    <subfield code="d">32450</subfield>
  </datafield>
</record>
